00623 2200229 4500001002100000005001700021008004100038020002200079035002400101040001200125082001500137084002100152100001900173245006300192250001000255260002700265300002700292500003100319650000900350850001200359990002200371INLIS00000000002584420170425093054.0  a978-979-29-5731-0 0010-021700000000658 aYOPDYOG 223a234.23 aDEP 234.23 Kal A aKALIS STEVANUS aApologetikab: benarkah Yesus itu Tuhan?c/ Kalis Stevanus aCet.1 aYogyakartabAndic2016 aix, 274 hlm.c; 23 cm. aBibliografi : hlm. 273-274 aIman aYOPDYOG aCB-D.11/2016-1460